La violación: La historia oculta de la mujer. Un discurso alternativo y sus repercusiones /

Saved in:
Bibliographic Details
Main Author: Aresti, Lore
Other Authors: Blum, Elsa, Emmer, Silvia, Toto, Mireya
Format: Text
Published: s.l :
Tags: Add Tag
No Tags, Be the first to tag this record!

MARC

LEADER 00000 a a2200000 04500
001 14206
003
040
090 |a 027200  
100 |a Aresti, Lore  
245 |a La violación: La historia oculta de la mujer. Un discurso alternativo y sus repercusiones /  |c Lore Aresti 
260 |a s.l :  
300 |a 20 p.  
700 |a Blum, Elsa  
700 |a Emmer, Silvia  
700 |a Toto, Mireya  
999 |c 9664  |d 9664